000 00349nam a2200133Ia 4500
008 150301s2015 xx 000 0 und d
082 _a540
_bC10A
100 _aAHLUMALIA, V.K
245 _aCOMPERHENSIVE PRACTICAL ORGANCE CHEMISTRY QUALITATINE ANALYSIS
260 _bUNIVERSITY PRESS
300 _a294
650 _aPHARMACEUTICS
942 _2ddc
_cBK
999 _c7335
_d7335